Building Open societies. (Record no. 1028)

MARC details
000 -LEADER
fixed length control field 00466nam a2200169Ia 4500
008 - FIXED-LENGTH DATA ELEMENTS--GENERAL INFORMATION
fixed length control field 240428s9999||||xx |||||||||||||| ||und||
020 ## - INTERNATIONAL STANDARD BOOK NUMBER
International Standard Book Number 1545-0414
041 ## - LANGUAGE CODE
Language code of text/sound track or separate title eng
082 ## - DEWEY DECIMAL CLASSIFICATION NUMBER
Classification number 321.8
100 ## - MAIN ENTRY--PERSONAL NAME
Personal name Soros Foundation Network
245 #0 - TITLE STATEMENT
Title Building Open societies.
260 ## - PUBLICATION, DISTRIBUTION, ETC.
Name of publisher, distributor, etc. Open Society Institute
Place of publication, distribution, etc. New York :
Date of publication, distribution, etc. 2002
300 ## - PHYSICAL DESCRIPTION
Extent 183p:photos,tabs
650 ## - SUBJECT ADDED ENTRY--TOPICAL TERM
Topical term or geographic name entry element Democratic Systems - Endowments -- Program-related investments.
942 ## - ADDED ENTRY ELEMENTS (KOHA)
Koha item type Books
Holdings
Withdrawn status Lost status Damaged status Not for loan Home library Current library Shelving location Date acquired Total checkouts Full call number Date last seen Copy number Price effective from Koha item type
        Main Library Main Library Open Shelves 26/04/2022   321.8 1448 29/04/2024 1 29/04/2024 Books
©2026  Parliament of Ghana Library - All rights reserved